000 01180pam a2200325 a 4500
001 1915065
003 ARRUPE
005 20141210121832.0
008 850816s1986 mau b 001 0 eng
010 _a 85019759
020 _a0262150301
040 _aDLC
_cDLC
_dDLC
050 0 0 _aBF318
_b.O83 1986
082 0 0 _a153.1/5/015113
_219
100 1 _aOsherson, Daniel N.
_913202
245 1 0 _aSystems that learn :
_ban introduction to learning theory for cognitive and computer scientists /
_cDaniel N. Osherson, Michael Stob, Scott Weinstein.
260 _aCambridge, Mass. :
_bMIT Press,
_cc1986.
300 _aix, 205 p. ;
_c24 cm.
440 4 _aThe MIT Press series in learning, development, and conceptual change
_913203
500 _a"A Bradford book."
500 _aIncludes indexes.
504 _aBibliography: p. [195]-197.
650 0 _aLearning
_xMathematical models.
_913204
650 0 _aLearning, Psychology of.
_913205
650 0 _aHuman information processing
_xMathematical models.
_913206
700 1 _aStob, Michael.
_913207
700 1 _aWeinstein, Scott.
_913208
906 _a7
_bcbc
_corignew
_d1
_eocip
_f19
_gy-gencatlg
942 _2lcc
_cMONOGRAPH
999 _c121436
_d121436